| 000 | 00662nam a2200205 4500 | ||
|---|---|---|---|
| 001 | 5445 | ||
| 005 | 20181127175536.0 | ||
| 008 | 970502s1996 cau 001 0 eng | ||
| 010 | _a 97147101 | ||
| 020 | _a0962109916 | ||
| 041 | 1 |
_aeng _hsan |
|
| 130 | 0 |
_aBhagavadgita. _lEnglish |
|
| 245 | 1 | 4 |
_aThe Bhagavad gita (the sacred song of God) : _ba modern English translation. _cRamananda Prasad, Ph.D. |
| 260 |
_aUSA : _bInternational Gita Society, _c2001. |
||
| 300 |
_a123 p. ; _c18 cm. |
||
| 504 | _aIncludes bibliographical references and index. | ||
| 546 | _aEnglish and Sanskrit. | ||
| 700 | 1 |
_aPrasad, Ramananda. _d1959- |
|
| 999 |
_c4575 _d4575 |
||